Königsberg als Paradies der Kindheit

Titel: Königsberg als Paradies der Kindheit : Erinnerungen an den fast vergessenen Bogumil Glotz
Verfasser:
In: ˜Dasœ Ostpreußenblatt, Band 33, Heft 45 (1982), Seite 9
alle Artikel anzeigen
Veröffentlicht: 1982
Format: Aufsatz
Sprache: Deutsch
Kein Bild verfügbar
X
alg: 39189445
001A    $01999:11-11-16 
001B    $01999:16-05-21 $t20:16:48.000 
001C    $06050:19-11-16 $t09:17:44.000 
001D    $01999:11-11-16 
001U    $0utf8 
001X    $00 
002@    $0Aox 
003@    $0391894455 
007A    $0391894455 $aHEB 
007T    $0Herd23336 
010@    $ager 
011@    $a1982 
021A    $aKönigsberg als Paradies der Kindheit $dErinnerungen an den fast vergessenen Bogumil Glotz 
028A    $aSeelmann-Eggebert $dUlrich 
031A    $d33 $e45 $h9 $j1982 
039B    $aIn $8--Abvc--. Das @Ostpreußenblatt. - Hamburg : Landsmannschaft, 1950-2003. - ISSN 0947-9597 $x198200000330045991 $9047780835 
045F    $a929.094382 $eDDC23BSB 
045F/01 $a929 
045F/03 $g4382 
045F/03 $g43832 
045T    $a7,41 $a8,1 

lok: 39189445 78

exp: 39189445 78 1 #EPN
201B/01 $005-12-17 $t23:50:23.000 
201U/01 $0utf8 
203@/01 $0787990043 
208@/01 $a11-11-16 $be 
209A/01 $a/ $f000 $x00 
220C/01 $aTitelaufnehmer: kl 
244Z/01 $2Trx $#Prusy Wschodnie i Zachodnie $8--Trx--Ost- und Westpreußen $x01 $939113373X 
244Z/01 $#Königsberg Preußen $#Königsberg i. Pr. $#Königsberg Pr. $#Königsberg in Ostpreußen $#Königsberg Ostpreußen $#Königsberg (Pr.) $#Königsberg Pregel $#Stadtgemeinde Königsberg $#Königsbergk $#Kaliningrad $#Karaliánčins $#Krulevec $#Karaláuczuje $#Królewiec $#Karaliaučius $#Regimontanus $#Regiomontium $#Regiomontum $#Regiomontum Borussiae $#Калининград $74031541-1 $8--Tg1--Königsberg $x02 $908508364X 
244Z/01 $aGeschichte 1847-1870 $x03 
244Z/01 $2Trx $8--Trx--Glotz, Bogumil$Z1847-1870 $x04 $9390764825 
244Z/01 $2Trx $#kirjanikud $#rašytojai $#writers $#írók $#pisarze $#spisovatelia $#spisovatelé $8--Trx--Schriftsteller $x05 $9391382659 
244Z/01 $2Trx $8--Trx--Zeitschriftenaufsatz $x06 $9391384341 
245Z/01 $a12.03 $x01 
247C/01 $82080>Marburg/Lahn, Herder-Institut, Forschungsbibliothek, Bibliographieportal $9336309341
LEADER 00000caa a22000002c 4500
001 391894455
003 DE-603
005 20210516201648.0
007 tu
008 161111s1982 xx |||| | u00||u|ger c
035 |a (DE-599)HEB391894455 
040 |a DE-603  |b ger  |c DE-603  |d DE-603 
041 |a ger 
082 0 4 |8 1\u  |a 929.094382  |q DE-101  |2 23/BSB 
084 |a 7,41  |a 8,1  |2 ssgn 
085 |8 1\u  |b 929 
085 |8 1\u  |z 2  |s 4382 
085 |8 1\u  |z 2  |s 43832 
100 1 |a Seelmann-Eggebert, Ulrich 
245 0 0 |a Königsberg als Paradies der Kindheit  |b Erinnerungen an den fast vergessenen Bogumil Glotz 
264 0 |c 1982 
773 0 8 |i In  |t ˜Dasœ Ostpreußenblatt  |d Hamburg : Landsmannschaft, 1950-2003  |x 0947-9597  |g Band 33, Heft 45 (1982), Seite 9  |w (DE-603)047780835  |w (DE-600)529299-2 
924 0 |9 2080  |a (DE-603)787990043  |b DE-2080  |c HES  |d d  |g /